Responses for show #7857 - Tuesday, November 6, 2018

Contestants

Chloe Sjuberg, a communications assistant from Vancouver, British Columbia, Canada

Lonnie Weis, a creative director from Littleton, Colorado

Mary Ann Borer, a marketing coordinator from Pomona, California (whose 1-day cash winnings total $38,200)

Jeopardy! Round responses

IN THE '90s
FAMILIAR PHRASES
2018 COLLEGE FOOTBALL NAMES
WHAT DO YOUR SHOES MEAN?
(Alex: We'll give you a country; you identify...)
ITS BIGGEST NEIGHBOR
AT THE SODA FOUNTAIN
(Sarah: We're at the soda fountain: Philadelphia's Franklin Fountain. Bringing back some of the tastes of another era.)
    $200 6
Hubble

Mary Ann
    $200 1
their shoulder

Mary Ann
    $200 9
University of Texas

Lonnie
    $200 11
a stiletto

Lonnie
    $200 19
Brazil

Lonnie
    $200 15
a float

Mary Ann
    $400 7
the Chunnel

Mary Ann
    $400 2
don't count your chickens before they're hatched

Chloe
    $400 10
Pittsburgh

Chloe
    $400 24
Oxford

Lonnie
    $400 20
(Chloe: What is Sweden?)

Russia

LonnieChloe
    $400 16
jerk

Lonnie
    $600 8
Dan Quayle

Lonnie
    $600 3
the bus

Mary Ann
    $600 12
the University of Arkansas

Mary Ann
    $600 25
Mary Janes

Chloe
    $600 21
Mexico

Lonnie
    $600 28
an egg cream

Mary Ann
    $800 13
the Unabomber

Mary Ann
    $800 4
a drawing board

Mary Ann
    $800 17
the University of Auburn

Lonnie
    $800 26
espadrille

Mary Ann
    $800 22
China

Chloe
    $800 29
[The end-of-round signal sounds.]

malt

Mary Ann
    $1000 14
(Mary Ann: What is Iraq?)
(Chloe: What is Iran?)
(Lonnie: What is Israel?)

Lebanon

Mary AnnLonnieChloe
Triple Stumper
    $1000 5
high on the hog

Mary Ann
    $1000 18
Georgia Tech

Lonnie
    $2,000 27
(Alex: [Before Mary Ann wagers] Less than a minute to go.)
...
(Mary Ann: What is a brogue?)

Balmoral

Mary Ann
    $1000 23
(Maryann: What is Jordan?)
(Lonnie: What is Iraq?)
(Chloe: What is Saudi Arabia?)

Turkey

Mary AnnLonnieChloe
Triple Stumper

Scores at the first commercial break (after clue 15):

Mary Ann Lonnie Chloe
$3,800 $0 -$200

Scores at the end of the Jeopardy! Round:

Mary Ann Lonnie Chloe
$3,000 $2,800 -$200

Double Jeopardy! Round responses

IN THEIR 90s
RAISING CANE
WOMEN'S FIRSTS
ON BROADWAY IN 2018
THE BOOKS OF ROMANS
"RE" NOUN
    $400 6
Queen Elizabeth

Mary Ann
    $400 11
a marsupial

Mary Ann
    $400 16
a hot air balloon

Chloe
    $400 18
The Lion King

Mary Ann
    $400 26
Julius Caesar

Mary Ann
    $400 1
reality

Mary Ann
    $800 7
Angela Lansbury

Lonnie
    $800 12
(Lonnie: Who is Ponce de León?)

Christopher Columbus

Lonnie
Triple Stumper
    $800 17
carpets

Lonnie
    $800 22
SpongeBob SquarePants

Mary Ann
    $800 27
The Aeneid

Mary Ann
    $800 2
reach

Mary Ann
    $1200 8
(Norman Vincent) Peale

Mary Ann
    $1200 13
Hawaii

Lonnie
    $1200 19
the Met

Mary Ann
    $1200 23
Phantom of the Opera

Triple Stumper
    $1200 28
(Lonnie: What are the Etruscan Wars?)

the Punic Wars

Mary AnnLonnie
    $1200 3
restraints

Chloe
    $1600 9
(Lonnie: What is Indonesia?)

Malaysia

Lonnie
Triple Stumper
    $1600 14
alluvial

Triple Stumper
    $3,000 20
(Dianne) Feinstein

Mary Ann
    $4,000 24
(Alex: Less than a minute to go.)

Mean Girls

Mary Ann
    $1600 29
[The end-of-round signal sounds.]

bread and circuses

Mary Ann
    $1600 4
reboot

Mary Ann
    $2000 10
(Pablo) Casals

Mary Ann
    $2000 15
Domino

Mary Ann
    $2000 21
Iceland

Mary Ann
    $2000 25
(Mary Ann: What is Jersey Boys?)
(Chloe: What are The History Boys?)

Boys in the Band

Mary AnnChloe
Triple Stumper
    $2000 5
a retardant

Lonnie

Scores at the end of the Double Jeopardy! Round:

Mary Ann Lonnie Chloe
$25,200 $4,000 -$600
(lock game)

[wagering suggestions for these scores]

Final Jeopardy! Round responses

ALPHANUMERIC ANATOMY
LonnieWhat is the L-1?
$5
Mary AnnWhat is the first vertebra?
$10,000
C1

Final scores:

Mary Ann Lonnie Chloe
$15,200 $3,995 -$600
2-day champion: $53,400 2nd place: $2,000 3rd place: $1,000

Game dynamics:

Coryat scores:

Mary Ann Lonnie Chloe
$23,400 $4,000 -$600
30 R
(including 2 DDs),
4 W
(including 1 DD)
14 R,
5 W
6 R,
4 W

Combined Coryat: $26,800

The J! Archive is created by fans, for fans. The Jeopardy! game show and all elements thereof, including but not limited to copyright and trademark thereto, are the property of Jeopardy Productions, Inc. and are protected under law. This website is not affiliated with, sponsored by, or operated by Jeopardy Productions, Inc. Join the discussion at JBoard.tv.